REGIO database - user's guide

Salvato in:
Dettagli Bibliografici
Natura: Libro
Lingua:inglese
Pubblicazione: Luxembourg Office for Official Publications of the European Communities 2000
Soggetti:
Tags: Aggiungi Tag
Nessun Tag, puoi essere il primo ad aggiungerne!!

MARC

LEADER 00000nam a2200000 4500
001 c123744
005 20221129095549.5
020 |a 92-828-8757-X 
041 0 |a eng 
044 |a LU 
245 1 0 |a REGIO database - user's guide 
264 1 |a Luxembourg  |b Office for Official Publications of the European Communities  |c 2000 
300 |a 108 s. 
610 2 0 |a štatistika 
610 2 0 |a Európska únia 
610 2 0 |a Európske spoločenstvá 
610 2 0 |a spracovanie dát 
610 2 0 |a báza dát 
610 2 0 |a metodika